Novelas ejemplares /

Guardado en:
Autor Principal: Cervantes Saavedra, Miguel de
Formato: Libro
Publicado: Madrid : Aguilar, 1961
Etiquetas: Agregar Etiqueta
Sin Etiquetas, Sea el primero en etiquetar este registro!
LEADER 00399nam a22001455a 4500
001 CEM.cems001591
005 20060214000000.0
008 130507s1961##################000#0#####d
003 CEMS
082 0 4 |a 863.3 
100 1 |a Cervantes Saavedra, Miguel de 
245 1 0 |a Novelas ejemplares / 
260 |a Madrid :  |b Aguilar,  |c 1961 
300 |a 103 p.1 
859 |a CEMS  |b BIB. CEMS - 11 de abril  |h 863.3  |i C337-17  |p 4536.75  |t Ej.1